| 000 | 00492nam a2200145Ia 4500 | ||
|---|---|---|---|
| 008 | 180815s9999 xx 000 0 und d | ||
| 020 | _a9780929921099 | ||
| 100 | _aMotacki, Kathleen. | ||
| 245 |
_cKathleen Motacki, Kathleen Burke.-- _aNursing delegation and management of patient care / |
||
| 250 | _a2nd ed | ||
| 260 |
_aSt. Louis, Missouri : _bElsevier _c2017 |
||
| 300 | _aviii, 319 pages. | ||
| 650 | _aMESH : nursing care. | ||
| 650 | _aNursing care -- organization and administration. | ||
| 999 |
_c358338 _d358338 |
||